000 01492nam a2200349 a 4500
001 0000289
003 DO-SdBNP
005 20180312102424.0
007 0000289
008 091125s2008 dr a 000 0 spa d
020 _a9789945112719
040 _aBPMSU
_bspa
_cBPMSU
082 0 4 _a372.63
_bG216o 7mo. 2008
100 1 _aGarcía Cartagena, Manuel
245 1 0 _aOrtografía 7 :
_b[educación básica] /
_cManuel García Cartagena ; dirección editorial Obdulia García de Escobar ; ilustración Ruddy Núñez.
260 _aSanto Domingo :
_bSantillana,
_c2008.
300 _a63 p. :
_bil. ;
_c28 cm.
490 1 _aCoral
505 0 _tDos puntos - punto y coma --
_tRepaso de ortografía acentual --
_tUso de b - v en prefijos y sufijos --
_tUso de la h --
_tUso de g - j en sufijos --
_tUso de la s --
_tAcento diacrítico --
_tUso de z - c en sufijos --
_tTilde en palabras compuestas --
_ttilde en adverbios terminados en -mente --
650 4 _aESPAÑOL
_xORTOGRAFÍA
_xENSEÑANZA BÁSICA
650 4 _aESPAÑOL
_xORTOGRAFÍA
_xEDUCACIÓN PRIMARIA
650 4 _aEDUCACIÓN PRIMARIA
_zREPÚBLICA DOMINICANA
650 4 _aESPAÑOL
_xORTOGRAFÍA
_xLIBROS DE TEXTOS
650 4 _aESPAÑOL
_xORTOGRAFÍA
_xESTUDIOS Y EJERCICIOS
700 1 _aGarcía Escobar, Obdulia de,
_eed.
700 1 _aNúñez, Ruddy
_eil.
830 0 _aCoral
910 _aValidado. Control de calidad MFF
942 _2ddc
_cBK
945 _aRemanejado para la Bib. BNPHU, 2018/ YL
956 _aYLOCKWARD
_b10
999 _c9786
_d9786